| 000 | 00402nam a22001577a 4500 | ||
|---|---|---|---|
| 003 | SGT | ||
| 020 | _a978-9386056832 | ||
| 082 |
_a617.6342 _bT17G |
||
| 100 | _aGarg Nisha | ||
| 245 | _aTextbook Of Preclinical Conservative Dentistry | ||
| 250 | _a2ND | ||
| 260 |
_aNEW DELHI _bJaypee Brothers Medical Publishers _c2021 |
||
| 300 | _a1-386 | ||
| 650 | _aConservative Dentistry | ||
| 942 |
_2ddc _cBK _042 |
||
| 999 |
_c20855 _d20855 |
||